000 00695nam a2200157Ia 4500
008 090124s9999 xx 000 0 und d
082 _b112410
245 _a श्रीसंत चोखामेळा महाराज यांचे चरित्र व अभंग गाथा
250 _a1
260 _c1968
300 _a245
630 _a श्रीसंत चोखामेळा महाराज यांचे चरित्र व अभंग गाथा
700 _aकदम स.भा.
730 _a श्रीसंत चोखामेळा महाराज यांचे चरित्र व अभंग गाथा
942 _cBOOK
999 _c158501
_d158501